| 000 | 00533nam a2200193 a 4500 | ||
|---|---|---|---|
| 001 | 2692 | ||
| 003 | CDMR | ||
| 005 | 20131029172218.0 | ||
| 008 | 130130s1999||||||||||||||||||||||||||||d | ||
| 020 | _a8473065492 | ||
| 040 |
_aCDMR _bcat _cCDMR |
||
| 100 | 1 |
_aSan Agustín, Arturo _92019 |
|
| 245 | 1 | 0 |
_aM'agrada que em faci aquesta pregunta _b: l'entrevista en premsa _cArturo San Agustín |
| 260 |
_aBarcelona _c1999 _bPòrtic |
||
| 300 | _a89 p. | ||
| 490 | 0 |
_aEines de Periodista _v2 |
|
| 650 | 0 | 4 |
_93159 _aEntrevistes |
| 942 |
_cMON _2udc |
||
| 999 |
_c2692 _d2692 |
||